| 000 | 00963cam a2200277 a 4500 | ||
|---|---|---|---|
| 008 | |||
| 020 | _a9781107663275 (paperback) | ||
| 090 | 0 | 0 |
_aREF K1401 _bHAN |
| 245 | 0 | 2 |
_aA handbook on the WTO TRIPS agreement / _cedited by Antony Taubman, Hannu Wager, and Jayashree Watal. |
| 260 |
_aCambridge ; _aNew York : _bCambridge University Press, _c2012. |
||
| 300 |
_axxiv, 385 p. : _bill. ; _c24 cm. |
||
| 500 | _aIncludes index. | ||
| 650 | 0 | _aIntellectual property (International law) | |
| 630 | 0 | 0 | _aAgreement on Trade-Related Aspects of Intellectual Property Rights. |
| 650 | 0 | _aForeign trade regulation. | |
| 650 | 7 | _aLAW / Intellectual Property / General. | |
| 700 | 1 | _aTaubman, Antony. | |
| 700 | 1 | _aWager, Hannu. | |
| 700 | 1 | _aWatal, Jayashree. | |
| 907 |
_a.b10391228 _b22-06-18 _c13-06-18 |
||
| 003 | |||
| 005 | 20230123141112.0 | ||
| 040 | _cNUST | ||
| 049 | _aMAIN | ||
| 942 |
_cBOOKS _kREF K1401 _mHAN |
||
| 999 |
_c167712 _d167712 |
||